|
|
|
|
| LEADER |
00000nab a2200000 a 4500 |
| 001 |
vtls000910706 |
| 003 |
SK-MaSNL |
| 005 |
20260302173150.0 |
| 008 |
190925e19940923xo 0 slo |
| 035 |
|
|
|a KE19628
|
| 040 |
|
|
|a KEVKJB
|b slo
|c KEVKJB
|e AACR2
|
| 041 |
0 |
|
|a slo
|
| 044 |
|
|
|a xo
|c SK
|
| 080 |
|
|
|a 636.2
|2 1981
|
| 080 |
|
|
|a 636.082
|2 1981
|
| 100 |
1 |
|
|a Vlček, Ivan
|4 aut
|9 336067
|
| 245 |
1 |
0 |
|a Zlatý kosák pre Titusa
|b Príloha Agrokonzult, s.B6. l fot
|
| 610 |
2 |
7 |
|a Plemenárske služby (Košice, Slovensko)
|2 KEVKJB
|9 880415
|
| 610 |
2 |
7 |
|a Plemenárska stanica býkov, Betliar
|2 KEVKJB
|9 880416
|
| 650 |
0 |
7 |
|a zvieratá plemenné
|2 KEVKJB
|9 880417
|
| 650 |
0 |
7 |
|a výstavy
|2 KEVKJB
|9 2780
|
| 650 |
0 |
7 |
|a správy
|2 KEVKJB
|9 276219
|
| 651 |
|
7 |
|a KS,
|2 KEVKJB
|9 880381
|
| 655 |
|
7 |
|a periodikum
|2 snkbucl
|9 29553
|
| 710 |
2 |
|
|a Plemenárske služby (Košice, Slovensko)
|4 aut
|9 880415
|
| 710 |
2 |
|
|a Plemenárska stanica býkov, Betliar
|4 aut
|9 880416
|
| 773 |
0 |
8 |
|t Roľnícke novinky
|g Roč. 28, č.220, 23.9.1994
|
| 852 |
|
|
|a ZVYKNI
|b KIS3GCP
|
| 999 |
|
|
|c 1400935
|d 1402865
|